00660cam a2200169 4500008004100000035001200041050002400053110001100077240001800088245019400106250001100300260004000311300001900351650003900370650004400409700003700453090106s1944 mx 000 0 spa u aa47718504aKGF3400 b A35 19441 aMexico a[leyes, etc.]10aLegislación, sanitaria mexicana : b compilación completa de leyes, decretos, reglamentos etc., vigentes en materia sanitaria / c Anotación y concordancia de Fernando Aguilar Velasco a3a ed. aMéxico, D.F. : b [s.n.], c 1944 a673p.; c23cm. 7aSalud pública z México 2Lemb 7aLeyes de salud pública zMéxico2LC1 aAguilar Velasco, Fernado, e ed.